IVY NEWT and the Vampixies / (Record no. 201551)

MARC details
000 -LEADER
fixed length control field 01147nam a2200265 i 4500
003 - CONTROL NUMBER IDENTIFIER
control field PPAK
005 - DATE AND TIME OF LATEST TRANSACTION
control field 20251113082905.0
008 - FIXED-LENGTH DATA ELEMENTS--GENERAL INFORMATION
fixed length control field 251113s2024 enkab jr 000 1 eng d
020 ## - INTERNATIONAL STANDARD BOOK NUMBER
International Standard Book Number 9781915252791
Terms of availability RM 55.50
Qualifying information paperback
040 ## - CATALOGING SOURCE
Original cataloging agency PPAK
Language of cataloging eng
Transcribing agency PPAK
Description conventions rda
082 04 - DEWEY DECIMAL CLASSIFICATION NUMBER
Edition number 23
Classification number 823.92
090 00 - LOCALLY ASSIGNED LC-TYPE CALL NUMBER (OCLC); LOCAL CALL NUMBER (RLIN)
Classification number (OCLC) (R) ; Classification number, CALL (RLIN) (NR) 823.92
Feature heading KEI
Feature heading K
100 1# - MAIN ENTRY--PERSONAL NAME
Personal name Keilty, Derek,
Relator term author.
245 10 - TITLE STATEMENT
Title IVY NEWT and the Vampixies /
Statement of responsibility, etc. Derek Keilty ; illustrated by Magda Brol.
264 #1 - PRODUCTION, PUBLICATION, DISTRIBUTION, MANUFACTURE, AND COPYRIGHT NOTICE
Place of production, publication, distribution, manufacture London :
Name of producer, publisher, distributor, manufacturer Scallywag Press,
Date of production, publication, distribution, manufacture, or copyright notice 2024
300 ## - PHYSICAL DESCRIPTION
Extent 164 pages :
Other physical details illustrations, maps ;
Dimensions 18 cm
336 ## - CONTENT TYPE
Content type term text
Source rdacontent
337 ## - MEDIA TYPE
Media type term unmediated
Source rdamedia
338 ## - CARRIER TYPE
Carrier type term volume
Source rdacarrier
490 1# - SERIES STATEMENT
Series statement IVY NEWT
Volume/sequential designation [4]
520 ## - SUMMARY, ETC.
Summary, etc. "Ivy and Tom embark on a hunt for spell ingredients with Griselda, the Sand Witch, and together they journey to a far away island volcano. There, they stumble on a sinister plot by the evil Vampixies to suck all the magic out of Miracula forever! Can Ivy and her friends save not only Miracula but the existence of magic itself?"--Amazon
700 1# - ADDED ENTRY--PERSONAL NAME
Personal name Brol, Magda,
Relator term illustrator.
830 #0 - SERIES ADDED ENTRY--UNIFORM TITLE
Uniform title Ivy newt ;
Volume/sequential designation [4]
942 ## - ADDED ENTRY ELEMENTS (KOHA)
Source of classification or shelving scheme Dewey Decimal Classification
Koha item type Book
Holdings
Withdrawn Not for loan Current library Shelving location Date acquired Total Checkouts Total Renewals Full call number Barcode Date last seen Date last checked out Koha item type
    Perpustakaan Alor Setar Pinjaman Kanak-kanak 20/11/2025 3 1 K 823.92 KEI A01891411 01/04/2026 15/03/2026 Book